00829nam a22002177a 450000100060000000300080000600500170001400800410003103500190007204000350009104100080012608200240013410000210015824501540017926000680033330000380040150200740043950400340051365000380054770000260058583732BD-RjUL20240513183528.0240513s1995 bg a|||| m||| 00| 0 eng d a(BD-RjUL)83732 aBD-RjULbengcBD-RjULdBD-RjUL aeng 223a584.9bHOQ 1995 aHossain, Nasima 10aQuantitative anatomy of basal internode and in uitro response of leaf tissue of rice (oryza sativa) /cBy Nasima, Hossain ; 6Supervisor : N.K. Paul aRajshahi :bDepartment of Botany, University of Rajshahi,c1995 a[7], 201 leaves :bill, ;c29.cm. aThesis (Ph. D.) -- Department of Botany, University of Rajshahi, 1995 aReferences : Leaves 122 - 129 aRice tribevQuantitative anatomy  aPaul, N.K. Supervisor